000 00336nam a2200145Ia 4500
008 191201s2011 xx 000 0 und d
082 _a621
_bKAA
100 _aKASERA, Sumit
245 0 _aATM Networks Concepts Protocols
250 _aRep
260 _aN. delhi
_bTMH
_c2011
300 _a466
650 _aB.Tech(IT)
942 _2ddc
_cBK
999 _c5503
_d5503